Normal view
MARC view
- Mensch, Louise.
Entry Personal Name
001 - CONTROL NUMBER
- control field: 11677
003 - CONTROL NUMBER IDENTIFIER
- control field: NUST
005 - DATE AND TIME OF LATEST TRANSACTION
- control field: 20180716054958.0
008 - FIXED-LENGTH DATA ELEMENTS
- fixed length control field: 180716|| aca||aabn | a|a d
040 ## - CATALOGING SOURCE
- Original cataloging agency: NUST
- Transcribing agency: NUST
100 ## - HEADING--PERSONAL NAME
- Personal name: Mensch, Louise.
670 ## - SOURCE DATA FOUND
- Source citation: Work cat.: (NUST)173113: Mensch, Louise., When she was bad-- /, 2001.
